01991 2200217 4500001002100000005001500021035002000036007000300056008004100059020001800100082001200118084001800130100001500148245009900163250002000262260004500282300005700327650001700384520134800401990002401749INLIS00000000001110420251111023733 a0010-1125000002ta251111 0  a9786230813092 a345.598 a345.598 ADA h0 aAdam Ilyas1 aHukum Pidana Baru Indonesia :bPenjelasan Lengkap Mengenai Aturan Umum KUHP Baru /cAdam Ilyas aEd.1, Cet. ke-1 aDepok :bPT. Rajagrafindo Persada,c2024 axiv, 175 halaman :bIlustrasi ;c23 cmehal. 167-175 4aHukum Pidana aIndonesia telah memasuki babak baru dalam sistem hukum pidana nasional dengan disahkannya Undang-Undang No. 1 Tahun 2023 tentang Kitab Undang-Undang Hukum Pidana (KUHP). Buku “Hukum Pidana Baru Indonesia: Penjelasan Lengkap Mengenai Aturan Umum KUHP Baru” hadir sebagai analisis komprehensif yang menelusuri perjalanan panjang hukum pidana di Indonesia, dari warisan kolonial Wetboek van Strafrecht voor Nederlandsch-Indie hingga transformasi menuju KUHP baru. Karya ini mengungkapkan alasan-alasan mendasar di balik pembaruan KUHP, meliputi upaya dekolonisasi, demokratisasi, konsolidasi, dan adaptasi terhadap hukum yang hidup di masyarakat. Pembahasan menyeluruh mengenai Buku Kesatu KUHP Baru (Pasal 1-187), mulai dari asas-asas hukum pidana, konsep tindak pidana dan pertanggungjawaban pidana, hingga tujuan dan pedoman pemidanaan, disajikan secara sistematis, berurutan pasal per pasal, dan mendalam. Buku ini juga menyoroti isu-isu kontemporer dalam hukum pidana, seperti pertanggungjawaban korporasi, pidana dan tindakan bagi anak, serta pendekatan pemidanaan yang humanis dan berorientasi pada rehabilitasi. Dengan gaya bahasa yang reflektif dan lugass, buku ini menjadi referensi esensial bagi akademisi, praktisi hukum, mahasiswa, serta segenap pihak yang ingin memahami perubahan signifikan dalam hukum pidana Indonesia. a27517/MKRI-P/X-2025